000 00567nam a22001937a 4500
005 20251108164101.0
008 250721s1991 xx 000 0 ara d
082 1 4 _a686/غلي
100 1 _aأبو غليون، جمال صالح محمد
245 1 0 _aأسرار العبقرية في أصول الفنون المطبعية /
264 1 _aعمان :
_bدار جاد،
_c1991.
300 _a125ص
650 1 7 _aالطباعة
650 1 7 _aفنون الإستنساخ
650 1 7 _aالألوان
650 1 7 _aالورق
942 _2ddc
_cBK
999 _c3175
_d3175